Zdravotnícka starostlivosť v USA: rok 2003 - kritická analýza národnej komisie pre zabezpečenie kvality v USA

Bibliographic Details
Main Author: Dzúrik, Rastislav, 1929-2014 (Author)
Format: Article
Language:Slovak
ISSN:0457-4214
Subjects:

MARC

LEADER 00000nab a2200000 a 4500
001 vtls000881728
003 SK-MaSNL
005 20260304130942.0
008 250429c2004 xo 0 slo
015 |a SNBRB2004/08-24431 
035 |a CLN000233234 
035 |a urn:nbn:sk:snk-ab6mgm 
035 |a (uuid)4c663cc7-75ab-420b-afd1-ef72e762eaca 
035 |a (urnnbn)urn:nbn:sk:snk:ar-005hi7 
035 |a (sysno)vtls000881728 
040 |a SNKBUCL  |b slo  |c SNKBUCL  |e AACR2 
041 0 |a slo 
044 |a xo  |c SK 
080 |a 614.2:616-084-085(73)  |2 1997 
100 1 |a Dzúrik, Rastislav,  |d 1929-2014  |4 aut  |9 13378 
245 1 0 |a Zdravotnícka starostlivosť v USA: rok 2003 - kritická analýza národnej komisie pre zabezpečenie kvality v USA  |c Rastislav Dzúrik 
246 1 1 |a Health care in USA: year 2003 - Critical analysis Committee for quality assurance in USA 
504 |a Bibliogr. odkazy 
650 0 7 |a choroby kardiovaskulárne  |x terapia  |x prevencia a kontrola  |2 MESH  |9 1443219 
650 0 7 |a diabetes mellitus  |x terapia  |2 MESH  |9 491615 
650 0 7 |a poskytovanie zdravotníckej starostlivosti  |x metódy  |x využitie  |2 MESH  |9 1443220 
650 0 7 |a astma  |x terapia  |2 MESH  |9 845163 
650 0 7 |a správy výročné (publikačný typ)  |2 MESH  |9 1443221 
650 0 7 |a depresia  |x terapia  |x prevencia a kontrola  |2 MESH  |9 1443222 
650 0 7 |a výsledok liečby  |2 MESH  |9 839245 
651 7 |a Spojené štáty americké  |2 snkbucl  |9 18262 
651 7 |a Spojené štáty americké  |2 MESH  |9 18262 
655 7 |a články z novín a časopisov  |2 snkbucl  |9 267496 
773 0 |t Lekársky obzor  |g Roč. 53, č. 5 (2004), s. 155-156  |x 0457-4214 
850 |a Slovenská národná knižnica 
852 |a Slovenská národná knižnica 
954 |a odborná, vedecká literatúra pôvodná (slovenská)  |2 lita 
958 |a article2022 
958 |a OND 
958 |a MI 
958 |a NB 
958 |a US 
958 |a EUIPO 
992 |a RBX 
999 |c 2895873  |d 2897803